Toutes les communes du canton de la Chapelle-sur-Erdre (44) - Statistiques

Statistiques générales
  • Ce quiz a été pris 23 fois
  • Le résultat moyen est 4 sur 6
Réponses sur la Carte
Les réponses sont colorées sur une échelle allant du rouge au vert en fonction du pourcentage des utilisateurs qui les ont devinées à leur premier essai. Vous pouvez retrouver ces pourcentages ci-dessous.
 
Statistiques - réponses
Commune % Correct
La Chapelle-sur-Erdre
100%
Sucé-sur-Erdre
80%
Treillières
80%
Fay-de-Bretagne
60%
Grandchamp-des-Fontaines
60%
Vigneux-de-Bretagne
60%
Aucun quiz correspondant
Distribution des résultats
% des personnes avec chaque résultat
Percentile par nombre de réponses
Votre historique - résultats
Vous n’avez pas pris ce quiz